[Event "SVK ECo-C Extraliga 2018-19"]
[Site "Slovakia"]
[Date "2018.11.10"]
[Round "1"]
[White "Kostelny, Jozef"]
[Black "Fiacan, Robert"]
[Result "0-1"]
[WhiteElo "2211"]
[BlackElo "2213"]
[Annotator "NA"]
[PlyCount "100"]
[EventDate "2018.11.10"]
[EventType "team-tourn"]
[EventCountry "SVK"]
[SourceTitle "playchess.com"]
[Source "ChessBase"]
[SourceQuality "1"]
[WhiteTeam "Zilina"]
[BlackTeam "Snina"]
[TimeControl "40/5400+30:1800+30"]

1. d4 {[%emt 0:00:00]} f5 {[%emt 0:00:00]} 2. Nf3 {[%emt 0:00:00]} Nf6 {[%emt 0:00:07]} 3. g3 {[%emt 0:00:00]} g6 {[%emt 0:00:22]} 4. Bg2 {[%emt 0:00:00]} Bg7 {[%emt 0:00:08]} 5. O-O {[%emt 0:00:06]} O-O {[%emt 0:00:07]} 6. b3 {[%emt 0:00:13]} d6 {[%emt 0:00:58]} 7. Bb2 {[%emt 0:00:13]} Qe8 {[%emt 0:15:19]} 8. c4 {[%emt 0:02:54]} e5 {[%emt 0:04:32]} 9. dxe5 {[%emt 0:00:47]} Ng4 {[%emt 0:00:11] LiveBook: 25 Games} 10. Nbd2 {[%emt 0:19:01]} Nc6 {[%emt 0:05:10]} 11. a3 $146 {[%emt 0:27:53] A87: Dutch Defence: Leningrad System: 5 Nf3} (11. Ba3 $14) ({Predecessor:} 11. Qc2 dxe5 12. e4 f4 13. Ba3 fxg3 14. fxg3 Ne3 15. Qc3 Nxf1 {0-1 (15) O'Reilly,S (1998)-Wang,P (2317) Las Vegas 2010}) 11... dxe5 {[%emt 0:05:37]} 12. e4 {[%emt 0:01:23]} fxe4 {[%emt 0:07:15]} (12... f4 $15) 13. Nxe4 {[%emt 0:01:52]} Bf5 {[%emt 0:00:34]} 14. Re1 {[%emt 0:06:27]} Rd8 {[%emt 0:02:15]} 15. Qe2 {[%emt 0:07:16]} Nd4 {[%emt 0:11:28]} 16. Nxd4 {[%emt 0:00:27]} exd4 {[%emt 0:00:11]} 17. h3 {[%emt 0:09:47] [#]} (17. Rad1 $11 {remains equal.}) 17... Ne3 $1 {[%emt 0:09:18]} 18. Qd3 {[%emt 0:10:52]} Nxg2 {[%emt 0:04:22]} 19. Kxg2 {[%emt 0:00:05]} Qf7 {[%emt 0:09:08]} 20. f3 {[%emt 0:03:57]} b6 {[%emt 0:08:21]} 21. Re2 {[%emt 0:01:51]} c5 {[%emt 0:03:37]} 22. Rae1 {[%emt 0:00:12]} Bh6 {[%emt 0:05:01]} 23. Bc1 {[%emt 0:01:01]} Bxc1 {[%emt 0:01:34]} 24. Rxc1 {[%emt 0:00:04]} a5 {[%emt 0:01:25]} 25. a4 {[%emt 0:00:35]} Qg7 {[%emt 0:00:59]} 26. Rce1 {[%emt 0:00:22]} h6 {[%emt 0:00:26]} 27. g4 {[%emt 0:00:37]} Bc8 {[%emt 0:00:24]} 28. Nd2 {[%emt 0:01:05]} Bb7 {[%emt 0:01:25]} 29. Re6 {[%emt 0:01:06]} Rf6 {[%emt 0:01:11]} 30. Re7 {[%emt 0:00:42]} Rf7 $11 {[%emt 0:00:14]} 31. R7e6 {[%emt 0:02:10]} Kh7 {[%emt 0:00:44]} 32. h4 {[%emt 0:00:09]} Rdf8 {[%emt 0:00:43]} 33. h5 {[%emt 0:00:29]} Rf6 {[%emt 0:00:54]} 34. Re7 {[%emt 0:00:44]} R8f7 {[%emt 0:00:33]} 35. Rxf7 {[%emt 0:00:51]} Qxf7 {[%emt 0:00:39]} 36. Re5 {[%emt 0:00:34]} Kg7 {[%emt 0:01:46]} 37. hxg6 {[%emt 0:00:37]} Qxg6 {[%emt 0:00:49]} 38. Qe2 {[%emt 0:00:50]} Qxg4+ {[%emt 0:00:15]} 39. Kf2 {[%emt 0:00:03]} Qh4+ {[%emt 0:00:19]} 40. Kf1 {[%emt 0:00:05]} Qh1+ {[%emt 0:00:29]} 41. Kf2 {[%emt 0:30:30]} Qh2+ {[%emt 0:18:59]} 42. Kf1 {[%emt 0:00:00]} Qxe2+ {[%emt 0:00:55]} 43. Kxe2 {[%emt 0:00:00]} Kf7 {[%emt 0:00:55]} 44. Kf2 {[%emt 0:00:00]} Re6 {[%emt 0:00:57]} 45. Rf5+ {[%emt 0:00:00]} Kg7 {[%emt 0:01:21]} 46. Rf4 {[%emt 0:00:00]} d3 {[%emt 0:01:51]} 47. Ne4 {[%emt 0:00:00]} Bxe4 {[%emt 0:00:17]} 48. fxe4 {[%emt 0:00:00]} Rf6 {[%emt 0:00:08]} 49. Rxf6 {[%emt 0:00:00]} Kxf6 {[%emt 0:00:07]} 50. Ke3 {[%emt 0:00:00]} Ke5 {[%emt 0:00:13]} 0-1

[Event "SVK ECo-C Extraliga 2018-19"]
[Site "Slovakia"]
[Date "2018.11.10"]
[Round "1"]
[White "Kantorik, Marian"]
[Black "Schwarz, Dusan"]
[Result "0-1"]
[WhiteElo "2209"]
[BlackElo "2313"]
[Annotator "NA"]
[PlyCount "68"]
[EventDate "2018.11.10"]
[EventType "team-tourn"]
[EventCountry "SVK"]
[SourceTitle "playchess.com"]
[Source "ChessBase"]
[SourceQuality "1"]
[WhiteTeam "Dunajov"]
[BlackTeam "Modra"]
[TimeControl "40/5400+30:1800+30"]

1. d4 {[%emt 0:00:00]} d5 {[%emt 0:00:00]} 2. c4 {[%emt 0:00:00]} c6 {[%emt 0:00:00]} 3. Nf3 {[%emt 0:00:25]} Nf6 {[%emt 0:00:00]} 4. Nc3 {[%emt 0:00:16]} e6 {[%emt 0:00:10]} 5. Bg5 {[%emt 0:00:37]} dxc4 {[%emt 0:00:54]} 6. e4 {[%emt 0:00:08]} b5 {[%emt 0:00:18]} 7. e5 {[%emt 0:00:06]} h6 {[%emt 0:00:11]} 8. Bh4 {[%emt 0:00:09]} g5 {[%emt 0:00:11]} 9. exf6 {[%emt 0:00:06]} gxh4 {[%emt 0:00:28]} 10. Ne5 {[%emt 0:00:06]} Qxf6 {[%emt 0:00:51]} 11. g3 {[%emt 0:00:34]} Nd7 {[%emt 0:02:21]} 12. Qe2 {[%emt 0:00:35]} Nxe5 {[%emt 0:02:58] D44: Damengambit (Botwinnik-Variante)} 13. dxe5 {[%emt 0:00:11]} Qe7 {[%emt 0:00:32]} ({Better is} 13... Qg5 $15) 14. Bg2 {[%emt 0:03:33]} Bb7 {[%emt 0:01:02] LiveBook: 10 Games} 15. a4 {[%emt 0:09:01]} (15. O-O-O $11 {keeps the balance.}) 15... Bg7 {[%emt 0:05:21]} 16. O-O {[%emt 0:04:08]} O-O {[%emt 0:03:04]} 17. f4 $146 {[%emt 0:03:59]} ({Vorgänger:} 17. Qh5 hxg3 18. hxg3 a6 19. Ne4 Rab8 20. Rfe1 {½-½ (59) Perez Rodriguez,L (2475)-Rojas Barrero,A (2249) Silvania 2011}) 17... hxg3 {[%emt 0:16:37]} 18. hxg3 {[%emt 0:00:09]} a6 {[%emt 0:00:32]} 19. Ne4 {[%emt 0:02:34]} c5 {[%emt 0:00:58]} 20. f5 {[%emt 0:16:42] [#]} (20. Qg4 $15) 20... exf5 $1 {[%emt 0:04:11]} ({Aber nicht} 20... Bxe5 $2 21. f6 $18) 21. Rxf5 {[%emt 0:00:10]} Bxe4 {[%emt 0:25:00]} 22. Bxe4 {[%emt 0:10:06]} Rad8 {[%emt 0:02:04]} 23. Raf1 {[%emt 0:07:34]} (23. axb5 $15 axb5 24. Ra6) 23... Rd4 {[%emt 0:01:36]} ({But not} 23... Bxe5 $2 {[#]} 24. Rxe5 $1 {[%mdl 512]} Qd6 25. axb5 $3 $18 {[%mdl 512]}) 24. Qf3 {[%emt 0:12:04]} Qe6 {[%emt 0:07:20]} 25. Rh5 {[%emt 0:11:48]} (25. Rf2 $17 {was called for.}) 25... Bxe5 $17 {[%emt 0:05:28]} ({Black should try} 25... bxa4 $19 26. Qe2 Rb8) 26. Bf5 {[%emt 0:01:41]} (26. Re1 $142 Kg7 27. Bc2) 26... Qd6 {[%emt 0:02:29]} 27. Re1 {[%emt 0:06:19]} Bg7 {[%emt 0:04:12]} 28. Be4 {[%emt 0:03:33]} Rd8 {[%emt 0:03:20]} 29. Rf5 {[%emt 0:01:33]} Rd1 {[%emt 0:01:10]} 30. Rxd1 {[%emt 0:03:39]} Qxd1+ {[%emt 0:00:11]} 31. Qxd1 {[%emt 0:00:04]} Rxd1+ {[%emt 0:00:06]} 32. Kf2 {[%emt 0:00:59]} Bxb2 {[%emt 0:02:19]} 33. Ke2 {[%emt 0:02:33]} Rd4 {[%emt 0:00:30]} 34. Bd5 {[%emt 0:00:33]} bxa4 {[%emt 0:02:29]} 0-1

[Event "SVK ECo-C Extraliga 2018-19"]
[Site "Slovakia"]
[Date "2018.11.10"]
[Round "1"]
[White "Jozefek, Michal"]
[Black "Walter, Szymon"]
[Result "0-1"]
[WhiteElo "2207"]
[BlackElo "2322"]
[Annotator "NA"]
[PlyCount "108"]
[EventDate "2018.11.10"]
[EventType "team-tourn"]
[EventCountry "SVK"]
[SourceTitle "playchess.com"]
[Source "ChessBase"]
[SourceQuality "1"]
[WhiteTeam "Osuske"]
[BlackTeam "Dubnica"]
[TimeControl "40/5400+30:1800+30"]

1. d4 {[%emt 0:00:00]} Nf6 {[%emt 0:00:00]} 2. c4 {[%emt 0:00:00]} e6 {[%emt 0:00:00]} 3. Nc3 {[%emt 0:00:05]} Bb4 {[%emt 0:00:41]} 4. Qc2 {[%emt 0:00:10]} Nc6 {[%emt 0:00:46]} 5. Nf3 {[%emt 0:02:32] LiveBook: 1173 Games} d6 {[%emt 0:00:52]} 6. Bg5 {[%emt 0:03:05]} h6 {[%emt 0:00:49]} 7. Bxf6 {[%emt 0:00:47]} Qxf6 {[%emt 0:00:10]} 8. a3 {[%emt 0:03:27] E33: Nimzo-Indian: Classical: 4...Nc6} Bxc3+ {[%emt 0:01:37]} 9. Qxc3 {[%emt 0:00:02]} e5 {[%emt 0:06:23]} 10. dxe5 {[%emt 0:02:01]} dxe5 {[%emt 0:13:09]} 11. e3 {[%emt 0:03:35]} Bf5 $146 {[%emt 0:02:12]} ({Predecessor:} 11... O-O 12. Bd3 Bh3 13. O-O Qe6 14. Nd2 Bf5 15. Ne4 Qg6 {0-1 (53) Hamilton,R (2251)-Rozentalis,E (2619) Montreal 2013}) 12. Rd1 {[%emt 0:08:03]} O-O {[%emt 0:24:50]} 13. Be2 {[%emt 0:07:59]} Rad8 {[%emt 0:00:35]} 14. O-O {[%emt 0:00:52]} g5 {[%emt 0:01:20]} 15. b4 {[%emt 0:13:35]} g4 {[%emt 0:00:39]} 16. Nd2 {[%emt 0:00:35]} Qg6 {[%emt 0:01:30]} 17. Nb3 {[%emt 0:04:40]} Bc2 {[%emt 0:07:06]} 18. Rd5 {[%emt 0:02:19]} Be4 {[%emt 0:26:27]} 19. Rxd8 {[%emt 0:03:16]} Rxd8 {[%emt 0:00:04]} 20. b5 {[%emt 0:01:10]} Bf3 {[%emt 0:02:01]} 21. Nc1 {[%emt 0:04:25]} Bxe2 {[%emt 0:01:54]} 22. Nxe2 {[%emt 0:00:06]} Rd3 {[%emt 0:00:06]} 23. Qb2 {[%emt 0:00:09]} Na5 {[%emt 0:04:17]} 24. Qxe5 {[%emt 0:00:15]} Qd6 {[%emt 0:00:25]} 25. Qe8+ {[%emt 0:01:00]} Kg7 {[%emt 0:00:05]} 26. Ng3 {[%emt 0:19:48]} Qc5 {[%emt 0:00:26]} 27. e4 {[%emt 0:05:54]} Nxc4 {[%emt 0:02:16]} 28. Nf5+ {[%emt 0:00:33]} Kf6 {[%emt 0:00:45]} 29. Qh8+ {[%emt 0:04:40]} Ke6 {[%emt 0:00:05]} 30. Qxh6+ {[%emt 0:00:17]} Kd7 {[%emt 0:00:54]} 31. a4 {[%emt 0:00:40]} Nd2 {[%emt 0:01:49]} 32. Re1 {[%emt 0:07:54]} Qc3 {[%emt 0:00:32]} 33. Kh1 {[%emt 0:01:43]} ({Better is} 33. Nh4 $1 $15 Nxe4 34. Rf1) 33... Nxe4 {[%emt 0:00:07]} 34. Rc1 {[%emt 0:00:21]} Nxf2+ 35. Kg1 Qxc1+ {[%emt 0:01:56]} 36. Qxc1 {[%emt 0:00:02]} Rd1+ {[%emt 0:00:05]} 37. Qxd1+ {[%emt 0:00:08]} Nxd1 {[%emt 0:00:04]} 38. Nh6 {[%emt 0:00:04]} Ke6 {[%emt 0:00:37]} 39. Nxg4 {[%emt 0:00:49]} f5 {[%emt 0:00:20]} 40. Nf2 {[%emt 0:00:59]} Nc3 {[%emt 0:00:08]} 41. Nd3 {[%emt 0:30:50]} Nxa4 {[%emt 0:30:16]} 42. Kf2 {[%emt 0:00:00]} Kf6 {[%emt 0:00:00]} 43. Ke3 {[%emt 0:00:00]} Nc3 {[%emt 0:00:00]} 44. b6 {[%emt 0:00:00]} cxb6 {[%emt 0:00:00]} 45. Kd4 {[%emt 0:00:00]} Nb5+ {[%emt 0:00:00]} 46. Kd5 {[%emt 0:00:00]} Nc3+ $11 {[%emt 0:00:00]} ({Black should play} 46... Nc7+ $19 47. Kd4 Ne6+ 48. Kc3 a6) 47. Kd4 {[%emt 0:00:00]} Ne4 {[%emt 0:00:00]} 48. h4 {[%emt 0:00:00]} Nc5 {[%emt 0:00:00]} 49. Nb2 {[%emt 0:00:00]} Ne6+ {[%emt 0:00:00]} 50. Ke3 {[%emt 0:00:00]} b5 {[%emt 0:00:00]} 51. g3 {[%emt 0:00:00]} a5 {[%emt 0:00:00]} 52. Kd3 {[%emt 0:00:00]} Ke5 {[%emt 0:00:00]} 53. Ke3 {[%emt 0:00:00]} f4+ {[%emt 0:00:00]} 54. gxf4+ {[%emt 0:00:00]} Nxf4 {[%emt 0:00:00] Kd4+} 0-1

[Event "SVK ECo-C Extraliga 2018-19"]
[Site "Slovakia"]
[Date "2018.11.10"]
[Round "1"]
[White "Hros, Roman"]
[Black "Jacko, Vladimir"]
[Result "1-0"]
[WhiteElo "2191"]
[BlackElo "2330"]
[Annotator "NA"]
[PlyCount "79"]
[EventDate "2018.11.10"]
[EventType "team-tourn"]
[EventCountry "SVK"]
[SourceTitle "playchess.com"]
[Source "ChessBase"]
[SourceQuality "1"]
[WhiteTeam "Liptovska"]
[BlackTeam "Prakovce"]
[TimeControl "40/5400+30:1800+30"]

1. Nf3 {[%emt 0:00:00]} Nf6 {[%emt 0:00:31]} 2. c4 {[%emt 0:00:00]} d6 {[%emt 0:02:51]} 3. d4 {[%emt 0:02:00]} g6 {[%emt 0:00:24]} 4. Nc3 {[%emt 0:00:18]} Bf5 {[%emt 0:00:13]} 5. h3 {[%emt 0:04:36] LiveBook: 92 Games} Bg7 {[%emt 0:10:40] E61: King's Indian: Early deviations for White, including Smyslov System} (5... Ne4 6. Nxe4 Bxe4 7. Ng5 Bf5 8. e4 Bd7 9. Be3 Bg7 10. Qd2 e5 11. Nf3 Nc6 12. d5 Ne7 13. g4 {1-0 (58) Eljanov,P (2706)-Moussard,J (2559) Biel 2018}) 6. g4 {[%emt 0:04:20]} Be6 {[%emt 0:05:57]} 7. Bg2 {[%emt 0:13:42]} c6 {[%emt 0:09:37]} 8. b3 $146 {[%emt 0:04:57]} ({Predecessor:} 8. d5 cxd5 9. cxd5 Bd7 10. Bf4 O-O 11. O-O Na6 12. a3 Nc5 {0-1 (41) Rychlik,H-Szczepanski,H Krakow 1998}) 8... d5 {[%emt 0:09:19]} 9. Ng5 {[%emt 0:10:14]} Bc8 {[%emt 0:01:38]} 10. Bb2 {[%emt 0:21:47]} h6 {[%emt 0:15:40]} 11. Nf3 {[%emt 0:00:19]} Be6 {[%emt 0:02:18]} 12. Ne5 {[%emt 0:05:25]} Nbd7 {[%emt 0:03:23]} 13. f4 {[%emt 0:01:34]} dxc4 {[%emt 0:02:47]} 14. bxc4 {[%emt 0:03:07]} Nb6 {[%emt 0:05:49]} 15. Qd3 {[%emt 0:01:07]} Qc7 {[%emt 0:12:04]} 16. Rc1 {[%emt 0:12:32]} Rd8 {[%emt 0:02:27]} 17. d5 {[%emt 0:02:41]} O-O {[%emt 0:02:56]} 18. e4 {[%emt 0:05:08]} Bc8 {[%emt 0:04:33]} 19. O-O {[%emt 0:02:51]} Nfd7 {[%emt 0:03:34]} 20. Nxd7 {[%emt 0:01:10]} Bxd7 {[%emt 0:00:36]} 21. e5 {[%emt 0:01:07]} Bc8 {[%emt 0:00:57]} 22. Qe2 {[%emt 0:00:53]} cxd5 {[%emt 0:01:01]} 23. cxd5 {[%emt 0:00:16]} Nc4 {[%emt 0:00:42]} 24. Nb5 {[%emt 0:00:42]} Qb6+ {[%emt 0:01:07]} 25. Bd4 {[%emt 0:00:01]} Qxb5 {[%emt 0:00:11]} 26. Qxc4 {[%emt 0:00:06]} Bd7 {[%emt 0:00:51]} 27. Qxb5 {[%emt 0:00:39]} Bxb5 {[%emt 0:00:01]} 28. Rf2 {[%emt 0:00:51]} e6 {[%emt 0:01:12]} 29. d6 {[%emt 0:00:24]} b6 {[%emt 0:00:30]} 30. Bb2 $18 {[%emt 0:00:52]} f6 {[%emt 0:00:34]} 31. Rc7 {[%emt 0:00:47]} fxe5 {[%emt 0:00:30]} 32. Bxe5 {[%emt 0:00:38]} Rd7 {[%emt 0:00:24]} 33. Rxd7 {[%emt 0:00:41]} Bxd7 {[%emt 0:00:01]} 34. Rc2 {[%emt 0:00:25]} Bb5 {[%emt 0:01:00]} 35. Rc7 {[%emt 0:00:31]} Rf7 {[%emt 0:00:07]} 36. Rc8+ {[%emt 0:00:43]} Rf8 {[%emt 0:01:01]} 37. Rc7 {[%emt 0:00:06]} Rf7 {[%emt 0:00:01]} 38. Be4 {[%emt 0:00:24]} g5 {[%emt 0:00:28]} 39. Bh7+ {[%emt 0:00:21]} Kf8 {[%emt 0:00:28]} 40. Rc8+ {[%emt 0:00:11]} 1-0

[Event "SVK ECo-C Extraliga 2018-19"]
[Site "Slovakia"]
[Date "2018.11.10"]
[Round "1"]
[White "Macko, Michal"]
[Black "Kusiak, Matej"]
[Result "0-1"]
[WhiteElo "2178"]
[BlackElo "2263"]
[Annotator "NA"]
[PlyCount "68"]
[EventDate "2018.11.10"]
[EventType "team-tourn"]
[EventCountry "SVK"]
[SourceTitle "playchess.com"]
[Source "ChessBase"]
[SourceQuality "1"]
[WhiteTeam "Liptovska"]
[BlackTeam "Prakovce"]
[TimeControl "40/5400+30:1800+30"]

1. e4 {[%emt 0:00:00]} d6 {[%emt 0:00:00]} 2. d4 {[%emt 0:00:00]} Nf6 {[%emt 0:00:00]} 3. Nc3 {[%emt 0:00:08]} Nc6 {[%emt 0:01:31]} 4. h3 {[%emt 0:01:26]} e5 {[%emt 0:02:48]} 5. Nf3 {[%emt 0:00:52]} exd4 {[%emt 0:01:22] C42: Petroff Defence: 3 Nxe5 and unusual White 3rd moves} (5... Be7 6. d5 Nb8 7. g3 O-O 8. Bg2 c6 9. dxc6 bxc6 10. O-O Nbd7 11. b3 Nc5 12. Re1 Re8 13. Bb2 {1-0 (142) Ter Sahakyan,S (2574)-Petrosian,T (2654) Yerevan 2014}) 6. Nxd4 {[%emt 0:00:09]} Be7 {[%emt 0:00:07]} 7. Be3 {[%emt 0:04:23]} O-O {[%emt 0:03:00]} 8. Qd2 {[%emt 0:00:15]} d5 {[%emt 0:14:44]} 9. exd5 {[%emt 0:13:26]} Nxd5 {[%emt 0:00:08]} 10. Nxd5 $146 {[%emt 0:00:02]} Qxd5 {[%emt 0:00:12]} 11. Nb5 {[%emt 0:00:15]} Qe5 {[%emt 0:03:11]} 12. O-O-O {[%emt 0:08:11] [#]} (12. Bd3 $15) 12... Rd8 $1 {[%emt 0:04:22]} 13. Qc3 {[%emt 0:08:40]} Rxd1+ {[%emt 0:00:26]} 14. Kxd1 {[%emt 0:00:03]} Qd5+ {[%emt 0:01:14]} 15. Qd2 {[%emt 0:02:42]} Qxa2 {[%emt 0:01:24]} 16. Nxc7 {[%emt 0:00:49]} Rb8 {[%emt 0:04:43]} 17. Nd5 {[%emt 0:04:24]} Be6 {[%emt 0:02:38]} 18. Nxe7+ {[%emt 0:00:52]} Nxe7 {[%emt 0:00:16]} 19. b3 {[%emt 0:03:31]} Rc8 {[%emt 0:12:44]} 20. Bd3 {[%emt 0:02:21]} Bxb3 {[%emt 0:01:08]} 21. cxb3 {[%emt 0:02:22]} (21. Bd4 $17 {is a better defense.} Bd5 22. Re1) 21... Qa1+ {[%emt 0:00:23]} 22. Ke2 {[%emt 0:00:02]} Qxh1 {[%emt 0:00:14]} 23. Qb4 {[%emt 0:00:35]} Nd5 {[%emt 0:04:51]} 24. Qxb7 {[%emt 0:00:53]} Rd8 {[%emt 0:00:23]} 25. Be4 {[%emt 0:23:00]} Nc3+ {[%emt 0:01:16]} 26. Kf3 {[%emt 0:01:09]} Qd1+ {[%emt 0:06:47]} 27. Kg3 {[%emt 0:03:40]} Nxe4+ {[%emt 0:02:19]} 28. Qxe4 {[%emt 0:00:05]} Qxb3 {[%emt 0:00:21]} 29. Kh2 {[%emt 0:02:16]} a5 {[%emt 0:00:48]} 30. Qe7 $19 {[%emt 0:02:37]} Qd5 {[%emt 0:00:32]} 31. Bb6 {[%emt 0:00:48]} Ra8 {[%emt 0:00:10]} 32. f4 {[%emt 0:01:01]} a4 {[%emt 0:00:09]} 33. Bc5 {[%emt 0:00:06]} h6 {[%emt 0:00:28]} 34. Bd6 {[%emt 0:01:17]} Rc8 {[%emt 0:01:02]} 0-1

[Event "SVK ECo-C Extraliga 2018-19"]
[Site "Slovakia"]
[Date "2018.11.10"]
[Round "1"]
[White "Pcola, Jaroslav"]
[Black "Zvarik, Martin"]
[Result "1/2-1/2"]
[WhiteElo "2113"]
[BlackElo "2329"]
[Annotator "NA"]
[PlyCount "69"]
[EventDate "2018.11.10"]
[EventType "team-tourn"]
[EventCountry "SVK"]
[SourceTitle "playchess.com"]
[Source "ChessBase"]
[SourceQuality "1"]
[WhiteTeam "Snina"]
[BlackTeam "Zilina"]
[TimeControl "40/5400+30:1800+30"]

1. e4 {[%emt 0:00:00]} e5 {[%emt 0:00:00]} 2. Nf3 {[%emt 0:00:00]} Nc6 {[%emt 0:00:14]} 3. Bc4 {[%emt 0:00:24]} Be7 {[%emt 0:00:41]} 4. O-O {[%emt 0:01:24]} d6 {[%emt 0:04:45]} 5. c3 {[%emt 0:02:45]} Nf6 {[%emt 0:01:48]} 6. d3 {[%emt 0:00:30]} O-O {[%emt 0:01:33]} 7. a4 {[%emt 0:04:05] LiveBook: 47 Games C55: Two Knights: 4 d3, 4 d4 exd4 5 e5 and Max Lange Attack} (7. Bb3 Na5 8. Bc2 c5 9. h3 Nc6 10. Re1 Qc7 11. Nbd2 Be6 12. Nf1 Nd7 13. Ng5 Bxg5 14. Bxg5 d5 15. exd5 Bxd5 16. Ne3 Be6 17. Qh5 Rfe8 18. b4 Nf8 19. bxc5 Qa5 20. d4 exd4 21. cxd4 Nxd4 22. Bf4 Nxc2 23. Nxc2 Qa4 {0-1 (23) Bortnyk,O (2588)-Wang,H (2712) Abu Dhabi 2016}) 7... Qe8 {[%emt 0:11:17]} 8. Re1 $146 {[%emt 0:07:37]} ({Predecessor:} 8. Qb3 Nd7 9. Be3 Kh8 10. Nbd2 Bf6 11. Rfe1 Nd8 12. d4 Ne6 13. Nf1 Rg8 14. Ng3 Ndf8 {1-0 (28) Najer,E (2606)-Odinokov,N (2325) Sochi 2004}) 8... Bd8 {[%emt 0:16:53]} 9. a5 {[%emt 0:05:41]} Ne7 {[%emt 0:04:04]} 10. Nbd2 {[%emt 0:06:07]} c6 {[%emt 0:07:16]} 11. Nf1 {[%emt 0:02:06]} Kh8 {[%emt 0:10:22]} 12. Bb3 {[%emt 0:09:39]} Bc7 {[%emt 0:01:39]} 13. Ng3 {[%emt 0:07:01]} Nfg8 {[%emt 0:09:35]} (13... Qd8 $14) 14. d4 {[%emt 0:04:29]} Ng6 {[%emt 0:02:40]} 15. dxe5 {[%emt 0:09:25]} dxe5 {[%emt 0:04:34]} 16. Bc4 {[%emt 0:04:07]} Nf4 {[%emt 0:05:25]} (16... Bg4 $14) 17. Qb3 {[%emt 0:06:29]} Qe7 {[%emt 0:01:33]} (17... Nh6 $14) 18. Be3 {[%emt 0:08:37]} Nh6 {[%emt 0:03:13]} 19. Qa3 {[%emt 0:06:34]} Bd6 {[%emt 0:00:53]} 20. b4 {[%emt 0:00:43]} Ng4 {[%emt 0:02:06]} 21. Bc5 {[%emt 0:02:50]} Bxc5 {[%emt 0:03:26]} 22. bxc5 {[%emt 0:00:02]} f5 {[%emt 0:01:07]} 23. h3 {[%emt 0:01:07]} fxe4 {[%emt 0:01:36]} 24. Rxe4 {[%emt 0:01:03]} Nxh3+ {[%emt 0:00:56]} 25. gxh3 {[%emt 0:00:28]} Rxf3 {[%emt 0:00:24]} 26. hxg4 {[%emt 0:01:29]} Qh4 {[%emt 0:00:29]} 27. Bf1 {[%emt 0:05:10]} Bxg4 {[%emt 0:02:50]} 28. Bg2 {[%emt 0:00:11]} Rxf2 {[%emt 0:00:23]} 29. Kxf2 {[%emt 0:02:15]} Qh2 $18 {[%emt 0:00:22]} (29... Rf8+ 30. Kg1 Qxg3) 30. Rxg4 {[%emt 0:01:58]} Rf8+ {[%emt 0:00:01]} 31. Ke3 {[%emt 0:00:40]} Qxg2 {[%emt 0:00:06]} 32. Rf1 {[%emt 0:00:31]} Rxf1 {[%emt 0:00:11]} 33. Nxf1 {[%emt 0:00:02]} Qxg4 {[%emt 0:00:05]} 34. Qb3 {[%emt 0:00:55]} Qg1+ {[%emt 0:02:26]} 35. Ke4 1/2-1/2